000 00665nam a2200157Ia 4500
005 20250424120256.0
008 250424s9999 xx 000 0 und d
022 _a10961879
050 _aLB 2846 .J67/
245 0 _aJournal of educational and behavioural statistics: a quarterly publication sponsored by the American Educational Research Association and the American Statistical Association
260 _bAmerican Educational Research Association : American Statistical Association
260 _c2007
300 _av. , 451 p. : ill. ; 23 cm.
650 _aEducational statistics--Periodicals. Social sciences--Statistical methods--Periodicals.
942 _cSR
999 _c38391
_d38391